Countries That Consume The Most Vodka - Statistics

General Stats
  • This quiz has been taken 108 times
  • The average score is 12 of 15
Answer Stats
Shots Answer % Correct
17.28 Russia
99%
3.01 United Kingdom
94%
13.71 Poland
92%
9.96 Ukraine
92%
3.76 United States Of America
88%
3.19 Finland
84%
4.13 Slovakia
80%
2.63 Canada
78%
1.51 Czech Republic
76%
2.63 Hungary
71%
3.38 Ireland
71%
1.68 Norway
71%
5.26 Bulgaria
67%
1.69 Austria
64%
2.25 Israel
24%
No matching quizzes found
Score Distribution
Percent of People with Each Score
Percentile by Number Answered
Your Score History
You have not taken this quiz